[Event "24th Bosnjaci Open 2019"]
[Site "Bosnjaci"]
[Date "2019.01.04"]
[Round "3.1"]
[White "Stocko, Josip"]
[Black "Kovacevic, Blazimir"]
[Result "1/2-1/2"]
[WhiteElo "2282"]
[BlackElo "2488"]
[Annotator "TA"]
[PlyCount "94"]
[EventDate "2019.01.03"]
[EventType "swiss"]
[EventCountry "CRO"]
[SourceTitle "playchess.com"]
[Source "ChessBase"]
[SourceQuality "1"]

{[%evp 14,94,25,12,6,3,20,27,10,17,18,15,27,6,17,0,73,0,0,0,0,-33,-29,-47,-37,-46,-30,-58,-64,-49,-30,-29,-46,-277,-283,-285,-285,-395,-397,-582,-571,-481,-157,-157,-158,-171,-178,-162,-170,-168,-127,-102,0,-19,-23,-60,-22,-91,0,0,0,0,767,744,666,185,156,48,47,32,32,32,32,32,19,25,25,16,18,20,26,8,8]} 1. e4 e6 2. d4 d5 3. Nc3 h6 4. Nf3 Nf6 5. exd5 exd5 6. Bd3 Bb4 7. O-O O-O 8. Ne2 {LiveBook: 7 Games. C01: French: Exchange Variation} (8. h3 Re8 9. a3 Ba5 10. b4 Bb6 11. Re1 Rxe1+ 12. Qxe1 Nc6 13. Ne2 Bd7 14. Be3 Ne7 15. Ng3 Be6 {½-½ (44) Zude,A (2465)-Fridman,D (2650) Saarbruecken 2009}) 8... Re8 9. Bf4 Nc6 10. c3 Bd6 11. Bxd6 Qxd6 12. h3 Ne4 $146 ({Predecessor:} 12... Bd7 13. Qc2 Ne4 14. Rae1 Rad8 15. Bxe4 Rxe4 {½-½ (16) Leisebein,P (2206)-Kuhn,A (2330) Remote email 2012}) 13. Re1 Bd7 14. Qc1 g5 (14... Re7 $11 {keeps the balance.}) 15. Nd2 (15. h4 $16) 15... f5 $11 {[%cal Bf7f5,Bf5f4][%mdl 32]} 16. Nf1 f4 17. f3 Nf6 18. Bg6 Re7 19. Qd2 Rf8 20. Nc1 Rg7 21. Bc2 h5 22. Nd3 g4 23. Kh2 $2 (23. Qxf4 $15 gxf3 24. Qxf3) 23... gxh3 $19 24. gxh3 Nh7 {[%cal Bf6h7,Bh7g5,Bg5h3][%mdl 32]} 25. Qf2 Ng5 26. Nd2 (26. Nc5 {was necessary.} Bc8 27. Nd2) 26... Nxh3 27. Qh4 Bf5 $2 (27... Qg6 $19 {[%csl Gg7][%cal Rg6g2]} 28. Re2 Bf5) 28. Ne5 $17 {Strongly threatening Bxf5.} Bxc2 29. Qxh3 Bf5 30. Qh4 Nxe5 31. dxe5 Qb6 {Hoping for ...Rg3.} (31... Qg6 32. Rg1 $11) 32. Rg1 Bg6 (32... Rff7 $17 33. Kh1 Qxb2 34. Rxg7+ Rxg7) 33. Rg2 Rf5 {[%cal Bf8f5,Bf5e5,Be5e2][%mdl 32]} ({Of course not} 33... Qxb2 $6 34. Rag1 $14) 34. Rag1 Rxe5 35. Nb3 (35. c4 $1 $11) 35... c5 {[#]} ({Better is} 35... Kh7 $17) 36. Nxc5 $1 $11 {[%mdl 512]} Qxc5 37. Rxg6 Re2+ $2 {[%mdl 8192]} (37... Rxg6 $11 38. Rxg6+ Kh7) 38. Kh1 $18 Ree7 39. Qf6 $2 (39. Qg5 {[%cal Rg6g7]} Qc7 40. Qxd5+ Kf8 41. Qf5+ (41. Qxh5 Rxg6 42. Rxg6 Rh7 $16) 41... Kg8 42. Qd5+ (42. Qxh5 Rxg6 43. Rxg6+ Rg7 $16) 42... Kf8 43. Qf5+ (43. Qxh5 Rxg6 44. Rxg6 Rh7 $16) 43... Kg8 44. Rd1 (44. Qxh5 Rxg6 45. Rxg6+ Rg7 $16) (44. Qd5+ Kf8 $18)) 39... Qc7 {[#]} 40. R1g5 $40 {[%mdl 128] Black needs to defend precisely.} (40. Qf5 $1 $16) 40... Qd7 $1 $14 {[%cal Rd7h3] ( -> ...Qh3+)} 41. Rxh5 Re1+ 42. Kg2 Rxg6+ 43. Qxg6+ Qg7 44. Qxg7+ Kxg7 45. Rxd5 {Threatens to win with Rd7+.} Re2+ {[%mdl 64] Double Attack} 46. Kh3 {Rd7+ is the strong threat.} Rxb2 47. Kg4 Rxa2 {Accuracy: White = 28%, Black = 59%.} 1/2-1/2

[Event "24th Bosnjaci Open 2019"]
[Site "Bosnjaci"]
[Date "2019.01.04"]
[Round "3.2"]
[White "Zaja, Ivan"]
[Black "Goric, Esad"]
[Result "1-0"]
[WhiteElo "2458"]
[BlackElo "2260"]
[Annotator "ChessBase"]
[PlyCount "69"]
[EventDate "2019.01.03"]
[EventType "swiss"]
[EventCountry "CRO"]
[SourceTitle "playchess.com"]
[Source "ChessBase"]
[SourceQuality "1"]
[TimeControl "5400+30"]

1. d4 {[%emt 0:00:30]} Nf6 {[%emt 0:00:30]} 2. Bg5 {[%emt 0:00:00]} e6 {[%emt 0:00:30]} 3. Nc3 {[%emt 0:01:00]} d5 {[%emt 0:01:30]} 4. e4 {[%emt 0:01:30]} dxe4 {[%emt 0:00:30]} 5. Nxe4 {[%emt 0:00:00]} Be7 {[%emt 0:00:30]} 6. Bxf6 {[%emt 0:00:00]} Bxf6 {[%emt 0:00:30]} 7. Nf3 {[%emt 0:01:30]} Bd7 {[%emt 0:00:30]} 8. Bd3 {[%emt 0:04:30]} Bc6 {[%emt 0:00:00]} 9. c3 {[%emt 0:01:30]} Nd7 {[%emt 0:02:00]} 10. Qe2 {[%emt 0:01:30]} Bxe4 {[%emt 0:03:30]} 11. Qxe4 {[%emt 0:06:30]} c6 {[%emt 0:00:00]} 12. O-O {[%emt 0:06:30]} Be7 {[%emt 0:01:00]} 13. Rad1 {[%emt 0:04:30]} Nf6 {[%emt 0:01:30]} 14. Qe2 {[%emt 0:00:30]} Qc7 {[%emt 0:02:30]} 15. Ne5 {[%emt 0:01:30]} O-O {[%emt 0:01:30]} 16. f4 {[%emt 0:02:30]} g6 {[%emt 0:04:30]} 17. Bc4 {[%emt 0:04:30]} c5 {[%emt 0:05:30]} 18. Rfe1 {[%emt 0:08:30]} Kg7 {[%emt 0:08:30]} 19. d5 {[%emt 0:14:30]} b5 {[%emt 0:10:30]} 20. Bxb5 {[%emt 0:01:30]} Nxd5 {[%emt 0:03:30]} 21. Bc6 {[%emt 0:04:30]} Rad8 {[%emt 0:00:30]} 22. Bxd5 {[%emt 0:00:30]} exd5 {[%emt 0:03:30]} 23. Nxg6 {[%emt 0:00:30]} hxg6 {[%emt 0:00:30]} 24. Qxe7 {[%emt 0:00:30]} Qb6 {[%emt 0:00:30]} 25. Qe5+ {[%emt 0:00:30]} f6 {[%emt 0:01:30]} 26. Qe2 {[%emt 0:01:30]} Rf7 {[%emt 0:01:30]} 27. f5 {[%emt 0:06:30]} gxf5 {[%emt 0:02:30]} 28. Qf2 {[%emt 0:00:30]} d4 {[%emt 0:01:30]} 29. Rd3 {[%emt 0:01:30]} dxc3 {[%emt 0:03:30]} 30. Rg3+ {[%emt 0:04:30]} Kf8 {[%emt 0:01:30]} 31. Qf4 {[%emt 0:00:30]} c4+ {[%emt 0:01:30]} 32. Kh1 {[%emt 0:00:30]} Rh7 {[%emt 0:08:30]} 33. Qxc4 {[%emt 0:02:44]} Rg7 {[%emt 0:00:30]} 34. Rxg7 {[%emt 0:06:26]} Kxg7 {[%emt 0:00:30]} 35. Re7+ {[%emt 0:00:03]} 1-0

[Event "24th Bosnjaci Open 2019"]
[Site "Bosnjaci"]
[Date "2019.01.04"]
[Round "3.3"]
[White "Andrijevic, Milan"]
[Black "Fercec, Nenad"]
[Result "1/2-1/2"]
[WhiteElo "2244"]
[BlackElo "2451"]
[Annotator "ChessBase"]
[PlyCount "75"]
[EventDate "2019.01.03"]
[EventType "swiss"]
[EventCountry "CRO"]
[SourceTitle "playchess.com"]
[Source "ChessBase"]
[SourceQuality "1"]
[TimeControl "5400+30"]

1. e4 {[%emt 0:03:30]} c5 {[%emt 0:00:30]} 2. Nf3 {[%emt 0:00:30]} d6 {[%emt 0:00:30]} 3. d4 {[%emt 0:00:30]} cxd4 {[%emt 0:00:00]} 4. Nxd4 {[%emt 0:00:00]} Nf6 {[%emt 0:00:00]} 5. Nc3 {[%emt 0:00:00]} a6 {[%emt 0:00:30]} 6. Be2 {[%emt 0:00:30]} e6 {[%emt 0:00:00]} 7. O-O {[%emt 0:00:00]} Qc7 {[%emt 0:00:00]} 8. f4 {[%emt 0:01:00]} Nbd7 {[%emt 0:00:00]} 9. a4 {[%emt 0:01:30]} b6 {[%emt 0:01:00]} 10. Bf3 {[%emt 0:01:30]} Bb7 {[%emt 0:00:00]} 11. Kh1 {[%emt 0:05:30]} Rb8 {[%emt 0:06:00]} 12. f5 {[%emt 0:09:30]} e5 {[%emt 0:00:30]} 13. Nb3 {[%emt 0:01:30]} Be7 {[%emt 0:00:30]} 14. Be3 {[%emt 0:03:30]} Rc8 {[%emt 0:04:30]} 15. Qd3 {[%emt 0:02:30]} O-O {[%emt 0:13:30]} 16. g4 {[%emt 0:01:30]} d5 {[%emt 0:00:30]} 17. exd5 {[%emt 0:11:30]} e4 {[%emt 0:01:30]} 18. Nxe4 {[%emt 0:07:30]} Nxd5 {[%emt 0:10:30]} 19. Bd4 {[%emt 0:05:30]} Nb4 {[%emt 0:08:30]} 20. Qe2 {[%emt 0:09:30]} Qxc2 {[%emt 0:00:30]} 21. Ned2 {[%emt 0:04:30]} Bxf3+ {[%emt 0:01:30]} 22. Rxf3 {[%emt 0:05:30]} Bf6 {[%emt 0:01:30]} 23. Rc1 {[%emt 0:01:30]} Qxc1+ {[%emt 0:00:00]} 24. Nxc1 {[%emt 0:00:00]} Rxc1+ {[%emt 0:00:00]} 25. Bg1 {[%emt 0:00:00]} h6 {[%emt 0:04:30]} 26. Rf1 {[%emt 0:02:30]} Rc2 {[%emt 0:00:30]} 27. Qd1 {[%emt 0:02:30]} Nc5 {[%emt 0:01:30]} 28. Bxc5 {[%emt 0:01:42]} bxc5 {[%emt 0:00:30]} 29. Ne4 {[%emt 0:01:09]} Bxb2 {[%emt 0:01:30]} 30. Qd6 {[%emt 0:06:44]} Re8 {[%emt 0:12:30]} 31. Re1 {[%emt 0:03:40]} Be5 {[%emt 0:14:49]} 32. Qd7 {[%emt 0:00:35]} Rf8 {[%emt 0:01:56]} 33. Ng3 {[%emt 0:03:04]} Bd4 {[%emt 0:09:23]} 34. Re8 {[%emt 0:01:20]} Rxe8 {[%emt 0:00:03]} 35. Qxe8+ {[%emt 0:00:05]} Kh7 {[%emt 0:00:01]} 36. Qxf7 {[%emt 0:02:07]} Nd3 {[%emt 0:00:14]} 37. Qg6+ {[%emt 0:03:44]} Kh8 {[%emt 0:00:03]} 38. Qe8+ {[%emt 0:01:20]} 1/2-1/2

[Event "24th Bosnjaci Open 2019"]
[Site "Bosnjaci"]
[Date "2019.01.04"]
[Round "3.4"]
[White "Sale, Srdjan"]
[Black "Sipic, Hrvoje"]
[Result "1-0"]
[WhiteElo "2446"]
[BlackElo "2213"]
[Annotator "TA"]
[PlyCount "117"]
[EventDate "2019.01.03"]
[EventType "swiss"]
[EventCountry "CRO"]
[SourceTitle "playchess.com"]
[Source "ChessBase"]
[SourceQuality "1"]

{[%evp 12,117,148,161,233,232,237,237,236,245,339,325,329,332,324,319,324,206,206,210,259,241,283,274,263,249,437,327,312,323,320,311,312,305,441,379,563,328,348,212,218,211,221,221,218,214,213,183,198,182,193,169,200,165,180,172,160,115,150,154,188,139,140,139,162,130,119,119,160,158,170,167,285,292,366,356,537,519,722,720,1223,769,829,805,818,765,976,975,6175,6046,5934,1415,1164,2670,2356,2456,2283,1652,1090,2514,2287,2154,2352,2249,2337,2270,29966,29968]} 1. c4 e5 2. Nc3 Nc6 3. Nf3 Nf6 4. e4 Bc5 5. Nxe5 Bxf2+ 6. Kxf2 Nxe5 7. d4 {[%cal Bd2d4,Bd4e5][%mdl 32] LiveBook: 3 Games} Neg4+ {A28: English Opening: Four Knights Variation} (7... Nfg4+ 8. Kg3) (7... Nc6 $142 8. e5 Ng8) (7... Ng6 8. Be2 O-O 9. Rf1 d6 10. Kg1 Nd7 11. Be3 c5 12. Qd2 b6 13. Rad1 Bb7 14. Bf3 Re8 15. Nb5 {1-0 (28) Reinderman,D (2617)-Schoorl,R (2271) playchess.com INT 2011}) 8. Kg1 $18 d6 9. h3 Nh6 {White is clearly better.} 10. Bg5 Nhg8 11. e5 dxe5 12. dxe5 h6 $146 ({Predecessor:} 12... Qxd1 13. Rxd1 Nd7 14. Nb5 Rb8 15. Nxc7+ Kf8 16. Nb5 h6 17. Bf4 Ra8 18. g4 Ne7 19. Nc7 {1-0 (19) Lamzin,V (1962)-Retzlaff,W (1746) Pinneberg 2013}) 13. Bh4 {[%mdl 64] [#] Pin} (13. exf6 $6 hxg5 14. fxg7 Rh7 $18) 13... g5 14. Qxd8+ ({Not} 14. exf6 gxh4 15. Qe1+ Kf8 $16) 14... Kxd8 15. Rd1+ ({Don't take} 15. exf6 $6 gxh4 16. Rd1+ Bd7 $14) 15... Nd7 16. Bg3 c6 17. Ne4 Ke7 18. h4 gxh4 $2 (18... Nf8 19. Be2 Ng6 20. hxg5 Be6) 19. Rxh4 Nf8 20. Nd6 {[%cal Be4d6,Bd6b7,Bb7a5,Ba5c6][%mdl 32]} Ng6 21. Rhd4 Be6 22. Nxb7 Rb8 (22... h5 $142 23. Nd8 c5) 23. Na5 Rxb2 (23... c5 {might work better.} 24. R4d2 Kf8) 24. Nxc6+ Kf8 25. R4d2 Rxd2 26. Rxd2 N8e7 27. Rd8+ ({Resist} 27. Nxa7 $6 Kg7) 27... Kg7 28. Rxh8 Kxh8 29. Nd4 Kg7 30. Kf2 Kf8 31. Bd3 Ke8 32. a3 Kd7 33. Ke3 h5 34. c5 h4 35. Bh2 Nd5+ 36. Kd2 Nge7 37. Bb5+ Kc7 38. Be8 {And now Bxf7! would win.} Kd8 39. Ba4 Kc7 40. Nb5+ Kb7 41. Nd6+ Kc7 {[#]} (41... Ka6 {is a better defense.} 42. Bg1 Ka5) 42. Nxf7 $1 {[%mdl 512]} Nf5 (42... Bxf7 43. e6+) 43. Ng5 Bg8 (43... Ng7 {was worth a try.} 44. Kd3 Kd8) 44. e6+ Kd8 45. Bd6 Ng7 46. Bb3 Ne7 47. Ke3 a5 48. Kf4 a4 49. Bc4 Ngf5 50. Ke5 Ne3 51. Bxe7+ (51. Nf7+ $142 Bxf7 52. exf7 Nxc4+ 53. Kf6 Nxd6 54. cxd6 Nd5+ 55. Ke5) 51... Kxe7 {[%mdl 4096] Endgame KBN-KBN} 52. Bd5 Ng4+ 53. Kd4 Nf6 54. Bc4 Ne8 55. Ke5 Nc7 56. c6 Ne8 57. Nf3 Nd6 58. Bd5 Nb5 59. Nxh4 {Accuracy: White = 72%, Black = 48%.} 1-0

[Event "24th Bosnjaci Open 2019"]
[Site "Bosnjaci"]
[Date "2019.01.04"]
[Round "3.5"]
[White "Ljikar, Zoran"]
[Black "Rogulj, Branko"]
[Result "0-1"]
[WhiteElo "2207"]
[BlackElo "2413"]
[Annotator "NA"]
[PlyCount "84"]
[EventDate "2019.01.03"]
[EventType "swiss"]
[EventCountry "CRO"]
[SourceTitle "playchess.com"]
[Source "ChessBase"]
[SourceQuality "1"]
[TimeControl "5400+30"]

1. e4 {[%emt 0:00:30]} Nf6 {[%emt 0:00:30]} 2. e5 {[%emt 0:00:30]} Nd5 {[%emt 0:00:30]} 3. d4 {[%emt 0:00:30]} d6 {[%emt 0:00:00]} 4. exd6 {[%emt 0:00:00]} exd6 {[%emt 0:00:00]} 5. Nf3 {[%emt 0:01:00]} Be7 {[%emt 0:00:30]} 6. Be2 {[%emt 0:01:30]} O-O {[%emt 0:00:00]} 7. O-O {[%emt 0:00:30]} c5 {[%emt 0:02:00]} 8. c4 {[%emt 0:01:30]} Nf6 {[%emt 0:07:30]} 9. h3 {[%emt 0:01:30]} Bf5 {[%emt 0:02:30]} 10. Nc3 {[%emt 0:01:30]} h6 {[%emt 0:01:30]} 11. Re1 {[%emt 0:04:30]} Nc6 {[%emt 0:01:30]} 12. Bf4 {[%emt 0:04:30]} d5 {[%emt 0:06:30]} 13. Bf1 {[%emt 0:09:30]} Be6 {[%emt 0:07:30]} 14. Nb5 {[%emt 0:06:30]} Rc8 {[%emt 0:00:30]} 15. dxc5 {[%emt 0:00:30]} Bxc5 {[%emt 0:01:30]} 16. Nbd4 {[%emt 0:03:30]} Nxd4 {[%emt 0:05:30]} 17. Nxd4 {[%emt 0:00:30]} Qb6 {[%emt 0:05:30]} 18. Be3 {[%emt 0:00:30]} dxc4 {[%emt 0:00:30]} 19. Nxe6 {[%emt 0:00:30]} fxe6 {[%emt 0:02:30]} 20. Bxc5 {[%emt 0:00:30]} Qxc5 {[%emt 0:02:30]} 21. Rxe6 {[%emt 0:02:30]} b5 {[%emt 0:05:30]} 22. Qc2 {[%emt 0:01:30]} Rc7 {[%emt 0:08:30]} 23. Rae1 {[%emt 0:06:30]} Rcf7 {[%emt 0:06:30]} 24. Kh1 {[%emt 0:21:30]} Nd5 {[%emt 0:01:30]} 25. f3 {[%emt 0:00:30]} Nb4 {[%emt 0:03:30]} 26. Qb1 {[%emt 0:03:30]} Rd7 {[%emt 0:04:30]} 27. R6e5 {[%emt 0:06:30]} Rd5 {[%emt 0:01:30]} 28. R5e3 {[%emt 0:00:30]} Qd4 {[%emt 0:03:30]} 29. Qg6 {[%emt 0:08:42]} Qf6 {[%emt 0:00:30]} 30. Qb1 {[%emt 0:02:08]} Qf5 {[%emt 0:02:06]} 31. Re4 {[%emt 0:00:18]} Nd3 {[%emt 0:01:34]} 32. Bxd3 {[%emt 0:02:20]} cxd3 {[%emt 0:00:09]} 33. Rd1 {[%emt 0:00:43]} d2 {[%emt 0:01:33]} 34. Qc2 {[%emt 0:00:09]} Rc8 {[%emt 0:00:47]} 35. Qb3 {[%emt 0:01:33]} Rc1 {[%emt 0:00:10]} 36. Kh2 {[%emt 0:02:01]} Rxd1 {[%emt 0:01:01]} 37. Qxd1 {[%emt 0:00:01]} Kh7 {[%emt 0:00:25]} 38. Re2 {[%emt 0:01:02]} Qd3 {[%emt 0:00:36]} 39. Rf2 {[%emt 0:01:05]} Rd8 {[%emt 0:00:20]} 40. f4 {[%emt 0:00:45]} Qe3 {[%emt 0:02:13]} 41. Rf3 {[%emt 0:00:19]} Qe1 {[%emt 0:00:14]} 42. Rf1 {[%emt 0:00:33]} Qxf1 {[%emt 0:01:16]} 0-1

[Event "24th Bosnjaci Open 2019"]
[Site "Bosnjaci"]
[Date "2019.01.04"]
[Round "3.6"]
[White "Ivekovic, Bozidar"]
[Black "Jelecevic, Ivo"]
[Result "1-0"]
[WhiteElo "2398"]
[BlackElo "2112"]
[Annotator "NA"]
[PlyCount "37"]
[EventDate "2019.01.03"]
[EventType "swiss"]
[EventCountry "CRO"]
[SourceTitle "playchess.com"]
[Source "ChessBase"]
[SourceQuality "1"]
[TimeControl "5400+30"]

1. Nf3 {[%emt 0:00:30]} d5 {[%emt 0:00:30]} 2. c4 {[%emt 0:00:30]} c6 {[%emt 0:00:00]} 3. g3 {[%emt 0:00:00]} Nf6 {[%emt 0:00:00]} 4. Bg2 {[%emt 0:00:00]} dxc4 {[%emt 0:02:30]} 5. Na3 {[%emt 0:17:30]} b5 {[%emt 0:02:30]} 6. Ne5 {[%emt 0:04:30]} Qd6 {[%emt 0:02:30]} 7. d4 {[%emt 0:01:30]} Nfd7 {[%emt 0:04:30]} 8. Nxb5 {[%emt 0:06:30]} Qb4+ {[%emt 0:02:30]} 9. Nc3 {[%emt 0:00:00]} Nxe5 {[%emt 0:00:30]} 10. dxe5 {[%emt 0:00:00]} Qc5 {[%emt 0:01:30]} 11. O-O {[%emt 0:04:30]} e6 {[%emt 0:01:30]} 12. Ne4 {[%emt 0:09:30]} Qxe5 {[%emt 0:02:30]} 13. Bf4 {[%emt 0:00:30]} Qa5 {[%emt 0:00:00]} 14. Nd6+ {[%emt 0:00:00]} Bxd6 {[%emt 0:00:00]} 15. Qxd6 {[%emt 0:00:00]} Qd8 {[%emt 0:00:30]} 16. Qa3 {[%emt 0:03:30]} Qb6 {[%emt 0:02:30]} 17. Rfd1 {[%emt 0:04:30]} Nd7 {[%emt 0:04:30]} 18. Qd6 {[%emt 0:02:30]} e5 {[%emt 0:01:30]} 19. Be3 {[%emt 0:01:30]} 1-0

[Event "24th Bosnjaci Open 2019"]
[Site "Bosnjaci"]
[Date "2019.01.04"]
[Round "3.7"]
[White "Boban, Sten"]
[Black "Zufic, Miroslav"]
[Result "0-1"]
[WhiteElo "2105"]
[BlackElo "2389"]
[Annotator "NA"]
[PlyCount "44"]
[EventDate "2019.01.03"]
[EventType "swiss"]
[EventCountry "CRO"]
[SourceTitle "playchess.com"]
[Source "ChessBase"]
[SourceQuality "1"]
[TimeControl "5400+30"]

1. e4 {[%emt 0:00:30]} c5 {[%emt 0:01:30]} 2. Nf3 {[%emt 0:00:00]} d6 {[%emt 0:00:30]} 3. d4 {[%emt 0:00:00]} cxd4 {[%emt 0:00:00]} 4. Nxd4 {[%emt 0:00:30]} Nf6 {[%emt 0:00:00]} 5. Nc3 {[%emt 0:00:30]} a6 {[%emt 0:00:00]} 6. Be2 {[%emt 0:00:30]} g6 {[%emt 0:00:00]} 7. Be3 {[%emt 0:00:30]} Bg7 {[%emt 0:00:30]} 8. h4 {[%emt 0:01:30]} O-O {[%emt 0:00:30]} 9. Qd2 {[%emt 0:00:30]} Nc6 {[%emt 0:00:30]} 10. Nxc6 {[%emt 0:00:30]} bxc6 {[%emt 0:00:00]} 11. Bh6 {[%emt 0:00:00]} Rb8 {[%emt 0:01:00]} 12. Bxg7 {[%emt 0:01:00]} Kxg7 {[%emt 0:00:00]} 13. O-O {[%emt 0:01:30]} Qa5 {[%emt 0:02:00]} 14. Qe3 {[%emt 0:01:30]} Rxb2 {[%emt 0:09:30]} 15. e5 {[%emt 0:02:30]} Qxe5 {[%emt 0:01:30]} 16. Qxe5 {[%emt 0:00:30]} dxe5 {[%emt 0:00:00]} 17. Bd3 {[%emt 0:00:00]} Bf5 {[%emt 0:00:00]} 18. Bxf5 {[%emt 0:01:00]} gxf5 {[%emt 0:00:30]} 19. Rfc1 {[%emt 0:00:30]} Rd8 {[%emt 0:01:30]} 20. Rab1 {[%emt 0:00:30]} Rdb8 {[%emt 0:00:30]} 21. Rxb2 {[%emt 0:00:00]} Rxb2 {[%emt 0:00:00]} 22. Kf1 {[%emt 0:00:00]} Nd5 {[%emt 0:00:00]} 0-1

[Event "24th Bosnjaci Open 2019"]
[Site "Bosnjaci"]
[Date "2019.01.04"]
[Round "3.8"]
[White "Muratovic, Efim"]
[Black "Tomas, Ante"]
[Result "0-1"]
[WhiteElo "2389"]
[BlackElo "2102"]
[Annotator "NA"]
[PlyCount "88"]
[EventDate "2019.01.03"]
[EventType "swiss"]
[EventCountry "CRO"]
[SourceTitle "playchess.com"]
[Source "ChessBase"]
[SourceQuality "1"]
[TimeControl "5400+30"]

1. Nf3 {[%emt 0:00:30]} d5 {[%emt 0:00:30]} 2. g3 {[%emt 0:01:30]} Nf6 {[%emt 0:00:30]} 3. Bg2 {[%emt 0:00:00]} c6 {[%emt 0:00:30]} 4. O-O {[%emt 0:00:00]} Bg4 {[%emt 0:00:00]} 5. d3 {[%emt 0:00:30]} Nbd7 {[%emt 0:00:00]} 6. c4 {[%emt 0:04:30]} e6 {[%emt 0:06:30]} 7. Nc3 {[%emt 0:00:30]} Be7 {[%emt 0:05:30]} 8. Bf4 {[%emt 0:01:30]} O-O {[%emt 0:00:30]} 9. h3 {[%emt 0:02:30]} Bh5 {[%emt 0:01:30]} 10. cxd5 {[%emt 0:01:30]} exd5 {[%emt 0:08:30]} 11. a3 {[%emt 0:05:30]} a5 {[%emt 0:00:30]} 12. Rb1 {[%emt 0:03:30]} Nc5 {[%emt 0:10:30]} 13. Nd4 {[%emt 0:07:30]} Ne6 {[%emt 0:07:30]} 14. Nxe6 {[%emt 0:06:30]} fxe6 {[%emt 0:00:00]} 15. b4 {[%emt 0:01:30]} axb4 {[%emt 0:13:00]} 16. axb4 {[%emt 0:00:00]} Bd6 {[%emt 0:00:30]} 17. Bg5 {[%emt 0:09:00]} h6 {[%emt 0:01:30]} 18. Bd2 {[%emt 0:00:30]} b5 {[%emt 0:06:30]} 19. Qb3 {[%emt 0:13:30]} Bf7 {[%emt 0:06:30]} 20. Qc2 {[%emt 0:13:30]} Qb6 {[%emt 0:04:30]} 21. Kh2 {[%emt 0:07:38]} e5 {[%emt 0:03:30]} 22. e3 {[%emt 0:05:55]} Rfe8 {[%emt 0:07:26]} 23. Ne2 {[%emt 0:02:16]} Bh5 {[%emt 0:03:02]} 24. Ng1 {[%emt 0:05:15]} e4 {[%emt 0:00:21]} 25. Bc3 {[%emt 0:01:07]} Be5 {[%emt 0:02:04]} 26. Bxe5 {[%emt 0:00:56]} Rxe5 {[%emt 0:00:01]} 27. dxe4 {[%emt 0:00:42]} Nxe4 {[%emt 0:01:14]} 28. Rbc1 {[%emt 0:00:46]} Re6 {[%emt 0:07:37]} 29. Bxe4 {[%emt 0:02:14]} dxe4 {[%emt 0:01:49]} 30. g4 {[%emt 0:00:38]} Bf7 {[%emt 0:00:48]} 31. Ne2 {[%emt 0:00:47]} Rf6 {[%emt 0:01:38]} 32. Nc3 {[%emt 0:02:04]} Qb8+ {[%emt 0:00:49]} 33. Kg1 {[%emt 0:00:17]} Bc4 {[%emt 0:00:36]} 34. Nxe4 {[%emt 0:00:42]} Rf3 {[%emt 0:00:24]} 35. Kg2 {[%emt 0:01:10]} Qf8 {[%emt 0:00:18]} 36. Nd2 {[%emt 0:00:30]} Ra2 {[%emt 0:00:46]} 37. Qc3 {[%emt 0:00:39]} Bd5 {[%emt 0:00:34]} 38. Kg1 {[%emt 0:00:36]} Rxh3 {[%emt 0:00:15]} 39. f3 {[%emt 0:00:25]} Qb8 {[%emt 0:00:17]} 40. Rf2 {[%emt 0:00:45]} Qg3+ {[%emt 0:00:44]} 41. Rg2 {[%emt 0:00:33]} Qh4 {[%emt 0:00:01]} 42. Kf1 {[%emt 0:00:29]} Rh1+ {[%emt 0:00:38]} 43. Rg1 {[%emt 0:00:23]} Qh3+ {[%emt 0:00:41]} 44. Kf2 {[%emt 0:00:18]} Qxf3+ {[%emt 0:00:13]} 0-1

[Event "24th Bosnjaci Open 2019"]
[Site "Bosnjaci"]
[Date "2019.01.04"]
[Round "3.9"]
[White "Ascic, Anto"]
[Black "Beletic, Daniel"]
[Result "0-1"]
[WhiteElo "2093"]
[BlackElo "2371"]
[Annotator "NA"]
[PlyCount "68"]
[EventDate "2019.01.03"]
[EventType "swiss"]
[EventCountry "CRO"]
[SourceTitle "playchess.com"]
[Source "ChessBase"]
[SourceQuality "1"]
[TimeControl "5400+30"]

1. d4 {[%emt 0:00:30]} d6 {[%emt 0:00:30]} 2. Nf3 {[%emt 0:00:00]} g6 {[%emt 0:00:30]} 3. b3 {[%emt 0:02:00]} Bg7 {[%emt 0:01:30]} 4. Bb2 {[%emt 0:00:30]} Nf6 {[%emt 0:10:30]} 5. g3 {[%emt 0:01:30]} O-O {[%emt 0:00:30]} 6. Bg2 {[%emt 0:00:30]} c6 {[%emt 0:02:30]} 7. O-O {[%emt 0:00:30]} Qa5 {[%emt 0:00:30]} 8. Qd2 {[%emt 0:05:30]} Qh5 {[%emt 0:05:30]} 9. Qg5 {[%emt 0:00:30]} Qxg5 {[%emt 0:00:30]} 10. Nxg5 {[%emt 0:00:30]} a5 {[%emt 0:02:30]} 11. a4 {[%emt 0:00:00]} Na6 {[%emt 0:01:30]} 12. Nd2 {[%emt 0:01:00]} d5 {[%emt 0:02:30]} 13. Ngf3 {[%emt 0:03:30]} Bf5 {[%emt 0:02:30]} 14. c3 {[%emt 0:30:30]} Rfc8 {[%emt 0:12:30]} 15. Rfc1 {[%emt 0:09:30]} Nd7 {[%emt 0:07:30]} 16. c4 {[%emt 0:04:30]} Nb4 {[%emt 0:14:30]} 17. Bc3 {[%emt 0:06:30]} Bh6 {[%emt 0:19:27]} 18. Ne1 {[%emt 0:07:30]} e5 {[%emt 0:05:39]} 19. dxe5 {[%emt 0:00:30]} d4 {[%emt 0:00:33]} 20. Bxb4 {[%emt 0:00:30]} axb4 {[%emt 0:00:09]} 21. f4 {[%emt 0:03:30]} Nxe5 {[%emt 0:00:31]} 22. Nef3 {[%emt 0:01:30]} Nxf3+ {[%emt 0:00:56]} 23. Nxf3 {[%emt 0:00:30]} Bg7 {[%emt 0:00:00]} 24. Ra2 {[%emt 0:00:30]} Re8 {[%emt 0:00:25]} 25. Nh4 {[%emt 0:02:31]} Bg4 {[%emt 0:00:45]} 26. Kf1 {[%emt 0:03:32]} Re3 {[%emt 0:00:25]} 27. Rb1 {[%emt 0:04:29]} Rae8 {[%emt 0:00:52]} 28. Bf3 {[%emt 0:06:43]} Bh3+ {[%emt 0:03:06]} 29. Bg2 {[%emt 0:01:21]} Bg4 {[%emt 0:00:43]} 30. Bf3 {[%emt 0:00:07]} Bxf3 {[%emt 0:00:30]} 31. Nxf3 {[%emt 0:00:49]} d3 {[%emt 0:00:09]} 32. Ne5 {[%emt 0:00:07]} dxe2+ {[%emt 0:00:59]} 33. Rxe2 {[%emt 0:00:49]} Rxe2 {[%emt 0:00:11]} 34. Kxe2 {[%emt 0:00:01]} f6 {[%emt 0:00:02]} 0-1